[Event "Aleksandria Cup"]
[Site "?"]
[Date "2015.07.14"]
[Round "3.2"]
[White "Baklan, Vladimir"]
[Black "Hayrapetyan, Hovik"]
[Result "1-0"]
[LiveChessVersion "1.3.1"]
[BlackElo "2444"]
[WhiteElo "2619"]

1. e4 {[%clk 1:30:48]} c5 {[%clk 1:30:55]} 2. Nf3 {[%clk 1:31:03]} e6
{[%clk 1:31:20]} 3. Nc3 {[%clk 1:31:27]} a6 {[%clk 1:31:46]} 4. d4 cxd4
{[%clk 1:32:11]} 5. Nxd4 {[%clk 1:32:17]} Qc7 {[%clk 1:32:37]} 6. Bd3
{[%clk 1:32:18]} Nc6 {[%clk 1:32:37]} 7. Nxc6 {[%clk 1:26:15]} dxc6
{[%clk 1:33:01]} 8. O-O {[%clk 1:26:29]} Nf6 {[%clk 1:33:25]} 9. f4
{[%clk 1:26:06]} e5 {[%clk 1:33:06]} 10. f5 {[%clk 1:26:26]} Bc5+
{[%clk 1:33:17]} 11. Kh1 {[%clk 1:26:48]} b5 {[%clk 1:33:45]} 12. Qf3
{[%clk 1:23:59]} h5 {[%clk 1:29:11]} 13. a4 {[%clk 1:20:34]} Bb7 {[%clk 1:28:58]}
14. Bg5 {[%clk 1:18:28]} Rd8 {[%clk 1:25:34]} 15. axb5 {[%clk 1:11:29]} axb5
{[%clk 1:24:41]} 16. Nd1 {[%clk 1:11:25]} h4 {[%clk 1:22:37]} 17. Nf2
{[%clk 1:06:03]} Be7 {[%clk 1:21:06]} 18. Nh3 {[%clk 0:55:24]} Rd7
{[%clk 1:11:13]} 19. Qe2 {[%clk 0:48:42]} Kf8 {[%clk 1:03:40]} 20. c3
{[%clk 0:44:37]} Nh5 {[%clk 0:53:05]} 21. Be3 {[%clk 0:41:44]} Bd6
{[%clk 0:49:36]} 22. Rae1 {[%clk 0:39:28]} f6 {[%clk 0:41:21]} 23. Bc2
{[%clk 0:37:50]} Nf4 {[%clk 0:27:37]} 24. Bxf4 {[%clk 0:33:48]} exf4
{[%clk 0:28:02]} 25. e5 {[%clk 0:34:13]} Bxe5 {[%clk 0:26:05]} 26. Nxf4
{[%clk 0:34:16]} Ke8 {[%clk 0:26:31]} 27. Ng6 {[%clk 0:33:26]} Rh6
{[%clk 0:26:05]} 28. h3 {[%clk 0:33:32]} Kd8 {[%clk 0:20:11]} 29. Rd1
{[%clk 0:25:25]} Rxd1 {[%clk 0:19:21]} 30. Rxd1+ {[%clk 0:25:46]} Kc8
{[%clk 0:18:47]} 31. Bb3 {[%clk 0:25:58]} Kb8 {[%clk 0:19:10]} 32. Be6
{[%clk 0:26:13]} Rxg6 {[%clk 0:08:14]} 33. fxg6 {[%clk 0:26:31]} Qb6
{[%clk 0:08:34]} 34. Qd2 {[%clk 0:24:15]} Bc7 {[%clk 0:05:07]} 35. Qd7
{[%clk 0:17:44]} c5 {[%clk 0:05:32]} 36. Qe8+ {[%clk 0:17:38]} Ka7
{[%clk 0:05:52]} 37. Ra1+ {[%clk 0:17:59]} 1-0

[Event "Aleksandria Cup"]
[Site "?"]
[Date "2015.07.14"]
[Round "3.3"]
[White "Shahinyan, David"]
[Black "Zubov, Alexander"]
[Result "1/2-1/2"]
[LiveChessVersion "1.3.1"]
[BlackElo "2615"]
[WhiteElo "2451"]

1. c4 {[%clk 1:28:58]} e6 {[%clk 1:30:34]} 2. g3 {[%clk 1:29:08]} d5
{[%clk 1:30:53]} 3. Bg2 {[%clk 1:29:27]} Nf6 {[%clk 1:31:05]} 4. Nf3
{[%clk 1:29:45]} Be7 {[%clk 1:31:17]} 5. d4 {[%clk 1:29:30]} O-O {[%clk 1:31:32]}
6. O-O {[%clk 1:29:54]} c6 {[%clk 1:31:39]} 7. b3 {[%clk 1:29:03]} Nbd7
{[%clk 1:27:33]} 8. Bb2 {[%clk 1:26:49]} b6 {[%clk 1:20:13]} 9. Qc2
{[%clk 1:23:50]} Bb7 {[%clk 1:05:35]} 10. Nc3 {[%clk 1:18:07]} c5
{[%clk 1:05:21]} 1/2-1/2

[Event "Aleksandria Cup"]
[Site "?"]
[Date "2015.07.14"]
[Round "3.4"]
[White "Paichadze, Luka"]
[Black "Vardanian, Haik G."]
[Result "1/2-1/2"]
[LiveChessVersion "1.3.1"]
[BlackElo "2301"]
[WhiteElo "2566"]

1. e4 {[%clk 1:30:55]} c5 {[%clk 1:30:53]} 2. b3 {[%clk 1:31:22]} e6
{[%clk 1:29:55]} 3. Nf3 {[%clk 1:31:43]} d6 {[%clk 1:30:07]} 4. c4
{[%clk 1:30:40]} Be7 {[%clk 1:29:01]} 5. Nc3 {[%clk 1:30:15]} Nc6
{[%clk 1:27:54]} 6. Be2 {[%clk 1:30:24]} Bf6 {[%clk 1:28:04]} 7. O-O
{[%clk 1:24:42]} Nge7 {[%clk 1:27:09]} 8. Bb2 {[%clk 1:19:25]} O-O
{[%clk 1:27:15]} 9. Ne1 {[%clk 1:16:56]} d5 {[%clk 1:26:17]} 10. cxd5
{[%clk 1:10:58]} exd5 {[%clk 1:26:39]} 11. Nd3 {[%clk 1:10:18]} b6
{[%clk 1:23:12]} 12. exd5 {[%clk 0:54:55]} Nd4 {[%clk 1:21:14]} 13. Nf4 1/2-1/2

[Event "Aleksandria Cup"]
[Site "?"]
[Date "2015.07.14"]
[Round "3.5"]
[White "Petrosyan, Manuel"]
[Black "Bortnyk, Olexander"]
[Result "1/2-1/2"]
[LiveChessVersion "1.3.1"]
[BlackElo "2550"]
[WhiteElo "2449"]

1. d4 {[%clk 1:30:14]} d6 {[%clk 1:30:54]} 2. Nf3 {[%clk 1:29:56]} g6
{[%clk 1:30:51]} 3. g3 {[%clk 1:29:54]} Nf6 {[%clk 1:30:57]} 4. Bg2
{[%clk 1:30:08]} Bg7 {[%clk 1:31:21]} 5. O-O {[%clk 1:29:42]} O-O
{[%clk 1:31:36]} 6. c4 {[%clk 1:29:58]} c6 {[%clk 1:30:12]} 7. Nc3
{[%clk 1:29:43]} Bf5 {[%clk 1:30:32]} 8. b3 {[%clk 1:15:09]} Ne4 {[%clk 1:27:59]}
9. Bb2 {[%clk 1:13:02]} Nxc3 {[%clk 1:21:46]} 10. Bxc3 {[%clk 1:13:04]} Be4
{[%clk 1:20:59]} 11. Re1 {[%clk 1:09:55]} d5 {[%clk 1:19:12]} 12. e3
{[%clk 1:09:40]} Nd7 {[%clk 1:12:21]} 13. Bf1 {[%clk 1:07:02]} Bf5
{[%clk 1:01:04]} 14. Nd2 {[%clk 0:53:38]} Nc5 {[%clk 0:55:31]} 15. b4
{[%clk 0:46:05]} Ne4 {[%clk 0:55:26]} 1/2-1/2

[Event "Aleksandria Cup"]
[Site "?"]
[Date "2015.07.14"]
[Round "3.6"]
[White "Baghdasaryen, Vahe"]
[Black "Azaladze, Shota"]
[Result "1-0"]
[LiveChessVersion "1.3.1"]
[BlackElo "2488"]
[WhiteElo "2401"]

1. c4 {[%clk 1:22:21]} g6 {[%clk 1:30:35]} 2. Nc3 {[%clk 1:22:31]} Bg7
{[%clk 1:30:58]} 3. g3 {[%clk 1:22:57]} c5 {[%clk 1:25:03]} 4. Bg2
{[%clk 1:21:10]} Nc6 {[%clk 1:23:13]} 5. e4 {[%clk 1:12:53]} e6 {[%clk 1:21:40]}
6. d3 {[%clk 1:08:59]} Nge7 {[%clk 1:17:47]} 7. h4 {[%clk 1:01:26]} h6
{[%clk 1:12:50]} 8. Be3 {[%clk 0:58:00]} Nd4 {[%clk 1:07:15]} 9. Qd2
{[%clk 0:55:06]} Nec6 {[%clk 0:58:41]} 10. f4 {[%clk 0:54:54]} h5
{[%clk 0:40:00]} 11. Nge2 {[%clk 0:24:15]} d6 {[%clk 0:39:29]} 12. O-O
{[%clk 0:23:37]} O-O {[%clk 0:34:08]} 13. Rab1 {[%clk 0:23:56]} Rb8
{[%clk 0:34:01]} 14. Bf2 {[%clk 0:22:54]} a6 {[%clk 0:32:44]} 15. Nxd4
{[%clk 0:21:20]} cxd4 {[%clk 0:31:52]} 16. Ne2 {[%clk 0:21:05]} e5
{[%clk 0:31:46]} 17. f5 {[%clk 0:19:40]} Kh7 {[%clk 0:30:07]} 18. Bh3
{[%clk 0:17:45]} Bh6 {[%clk 0:19:54]} 19. Qd1 {[%clk 0:18:02]} gxf5
{[%clk 0:19:13]} 20. exf5 {[%clk 0:16:52]} Ne7 {[%clk 0:19:01]} 21. Nxd4
{[%clk 0:14:14]} exd4 {[%clk 0:17:07]} 22. Qxh5 {[%clk 0:14:15]} Ng8
{[%clk 0:13:50]} 23. Bxd4 {[%clk 0:14:28]} f6 {[%clk 0:09:57]} 24. Rbe1
{[%clk 0:05:58]} Bd7 {[%clk 0:09:35]} 25. Bg2 {[%clk 0:05:52]} Be8
{[%clk 0:08:49]} 26. Qf3 {[%clk 0:04:04]} Bf7 {[%clk 0:07:24]} 27. g4
{[%clk 0:02:03]} Re8 {[%clk 0:07:10]} 28. Rxe8 {[%clk 0:01:56]} Qxe8
{[%clk 0:07:06]} 29. Qg3 {[%clk 0:02:02]} Qd8 {[%clk 0:04:31]} 30. g5
{[%clk 0:02:28]} fxg5 {[%clk 0:04:27]} 31. f6 {[%clk 0:02:54]} Qa5
{[%clk 0:01:01]} 32. b4 {[%clk 0:03:07]} Qxb4 {[%clk 0:00:48]} 33. hxg5
{[%clk 0:03:24]} Qd2 {[%clk 0:00:53]} 34. Be4+ {[%clk 0:03:29]} Kh8
{[%clk 0:01:16]} 35. gxh6 {[%clk 0:03:50]} 1-0

[Event "Aleksandria Cup"]
[Site "?"]
[Date "2015.07.14"]
[Round "3.7"]
[White "Sivuk, Vitaly"]
[Black "Firouzja, Alireza"]
[Result "1/2-1/2"]
[LiveChessVersion "1.3.1"]
[BlackElo "2277"]
[WhiteElo "2463"]

1. d4 {[%clk 1:28:38]} Nf6 {[%clk 1:30:54]} 2. c4 {[%clk 1:28:58]} g6
{[%clk 1:31:19]} 3. Nc3 {[%clk 1:29:17]} d5 {[%clk 1:31:30]} 4. Qb3
{[%clk 1:28:57]} dxc4 {[%clk 1:31:28]} 5. Qxc4 {[%clk 1:29:19]} Bg7
{[%clk 1:31:47]} 6. e4 {[%clk 1:28:58]} Nfd7 {[%clk 1:29:20]} 7. Be3
{[%clk 1:25:32]} Nb6 {[%clk 1:28:53]} 8. Qd3 {[%clk 1:23:34]} Nc6
{[%clk 1:26:57]} 9. Rd1 {[%clk 1:22:19]} O-O {[%clk 1:25:46]} 10. Nf3
{[%clk 1:16:48]} f5 {[%clk 1:12:55]} 11. a3 {[%clk 1:03:51]} fxe4
{[%clk 1:03:09]} 12. Nxe4 {[%clk 1:01:19]} Nd5 {[%clk 0:59:15]} 13. Qb3
{[%clk 0:59:09]} e6 {[%clk 0:58:13]} 14. h4 {[%clk 0:50:30]} h6 {[%clk 0:51:27]}
15. Qc2 {[%clk 0:45:18]} Nce7 {[%clk 0:48:49]} 16. Bc4 {[%clk 0:38:20]} Nf5
{[%clk 0:44:07]} 17. Bc1 {[%clk 0:36:44]} b6 {[%clk 0:40:12]} 18. h5
{[%clk 0:35:36]} gxh5 {[%clk 0:37:25]} 19. Rxh5 {[%clk 0:34:42]} Qe8
{[%clk 0:30:30]} 20. g4 {[%clk 0:31:44]} Qg6 {[%clk 0:22:24]} 21. Rxf5
{[%clk 0:29:23]} exf5 {[%clk 0:21:12]} 22. Bxd5+ {[%clk 0:29:46]} Be6
{[%clk 0:20:47]} 23. Nh4 {[%clk 0:25:43]} Qf7 {[%clk 0:20:24]} 24. Bxe6
{[%clk 0:24:27]} Qxe6 {[%clk 0:20:45]} 25. Nxf5 {[%clk 0:24:29]} Rae8
{[%clk 0:20:17]} 26. f3 {[%clk 0:24:47]} h5 {[%clk 0:20:20]} 27. Nxg7
{[%clk 0:19:54]} Kxg7 {[%clk 0:20:18]} 28. Qxc7+ {[%clk 0:15:29]} Re7
{[%clk 0:17:52]} 29. Qg3 {[%clk 0:06:37]} hxg4 {[%clk 0:17:11]} 30. Bf4
{[%clk 0:06:48]} Kg8 {[%clk 0:14:49]} 31. Kf2 {[%clk 0:01:29]} Rg7
{[%clk 0:14:39]} 32. Rg1 {[%clk 0:00:37]} Qb3 {[%clk 0:14:57]} 33. Nd2
{[%clk 0:00:32]} Qxb2 {[%clk 0:15:19]} 34. Qh2 {[%clk 0:00:32]} Qxd4+
{[%clk 0:14:53]} 35. Be3 {[%clk 0:00:56]} Qb2 {[%clk 0:14:51]} 36. Qd6
{[%clk 0:00:41]} Rxf3+ {[%clk 0:14:08]} 37. Ke2 {[%clk 0:00:43]} Qb5+
{[%clk 0:14:26]} 38. Qd3 {[%clk 0:00:48]} Qxd3+ {[%clk 0:13:48]} 39. Kxd3
{[%clk 0:01:15]} Rh3 {[%clk 0:12:32]} 40. Ne4 {[%clk 0:31:03]} Rf3
{[%clk 0:38:31]} 41. a4 {[%clk 0:28:40]} g3 {[%clk 0:37:21]} 42. Ke2
{[%clk 0:28:37]} Rf5 {[%clk 0:37:45]} 43. Rg2 {[%clk 0:24:12]} Rg4
{[%clk 0:37:25]} 44. Nc3 {[%clk 0:23:56]} Kh7 {[%clk 0:37:20]} 45. Kd3
{[%clk 0:23:10]} Kg6 {[%clk 0:37:09]} 46. Nb5 {[%clk 0:22:15]} Kh5
{[%clk 0:34:45]} 47. Nxa7 {[%clk 0:21:48]} Rxa4 {[%clk 0:34:55]} 48. Rxg3
{[%clk 0:19:20]} Rxa7 {[%clk 0:35:06]} 49. Bxb6 {[%clk 0:19:11]} Rd7+
{[%clk 0:34:39]} 50. Kc4 {[%clk 0:16:24]} Rd6 {[%clk 0:34:56]} 51. Be3
{[%clk 0:16:11]} Rc6+ {[%clk 0:35:15]} 52. Kd3 {[%clk 0:15:14]} Ra5
{[%clk 0:35:28]} 53. Rg8 {[%clk 0:14:20]} Rd6+ {[%clk 0:35:23]} 54. Kc4
{[%clk 0:14:19]} Re5 {[%clk 0:35:33]} 55. Ba7 {[%clk 0:11:45]} Re1
{[%clk 0:35:38]} 56. Rg1 {[%clk 0:10:57]} Re2 {[%clk 0:35:51]} 57. Kc3
{[%clk 0:10:16]} Re7 {[%clk 0:36:03]} 58. Bb8 {[%clk 0:09:36]} Rd8
{[%clk 0:36:27]} 59. Bf4 {[%clk 0:09:37]} Rf7 {[%clk 0:36:20]} 60. Be5
{[%clk 0:09:24]} Rfd7 {[%clk 0:36:20]} 61. Rg3 {[%clk 0:08:07]} Rc8+
{[%clk 0:36:40]} 62. Kb2 {[%clk 0:08:31]} Rd2+ {[%clk 0:36:56]} 63. Kb3
{[%clk 0:08:49]} Rd5 {[%clk 0:37:20]} 64. Bc3 {[%clk 0:09:10]} Kh4
{[%clk 0:37:24]} 65. Re3 {[%clk 0:09:08]} Kg4 {[%clk 0:37:50]} 66. Re4+
{[%clk 0:09:28]} Kf3 {[%clk 0:38:14]} 67. Rc4 {[%clk 0:09:51]} Rb8+
{[%clk 0:38:32]} 68. Rb4 {[%clk 0:10:16]} Re8 {[%clk 0:38:58]} 69. Rd4
{[%clk 0:10:32]} Rb5+ {[%clk 0:39:17]} 70. Rb4 {[%clk 0:10:55]} Rf5
{[%clk 0:39:38]} 71. Rh4 {[%clk 0:11:07]} Ke3 {[%clk 0:39:53]} 72. Rh3+
{[%clk 0:11:26]} Ke4 {[%clk 0:40:18]} 73. Rh4+ {[%clk 0:11:52]} Kf3
{[%clk 0:40:30]} 74. Rh3+ {[%clk 0:12:17]} Kg4 {[%clk 0:40:56]} 75. Rd3
{[%clk 0:12:37]} Rb5+ {[%clk 0:41:22]} 76. Kc4 {[%clk 0:12:48]} Rb1
{[%clk 0:41:49]} 77. Rd5 {[%clk 0:12:41]} Kf4 {[%clk 0:41:56]} 78. Rd4+
{[%clk 0:12:59]} Ke3 {[%clk 0:42:19]} 79. Rd3+ {[%clk 0:13:10]} Ke2
{[%clk 0:42:45]} 80. Rd2+ {[%clk 0:13:36]} Ke3 {[%clk 0:42:53]} 81. Rd3+
{[%clk 0:14:03]} Ke4 {[%clk 0:43:16]} 82. Rd4+ {[%clk 0:14:30]} Kf5
{[%clk 0:43:40]} 83. Rd5+ {[%clk 0:14:55]} Kg6 {[%clk 0:44:05]} 84. Rd6+
{[%clk 0:15:20]} Kf7 {[%clk 0:44:30]} 85. Rd5 {[%clk 0:14:34]} Re3
{[%clk 0:44:35]} 86. Rd3 {[%clk 0:14:46]} Re7 {[%clk 0:44:23]} 87. Rd5
{[%clk 0:14:49]} Rc1 {[%clk 0:44:43]} 88. Kd3 {[%clk 0:13:56]} Rc7
{[%clk 0:44:56]} 89. Bd2 {[%clk 0:13:45]} Rh1 {[%clk 0:45:21]} 90. Ke4
{[%clk 0:13:14]} Rc4+ {[%clk 0:45:39]} 91. Kd3 {[%clk 0:13:02]} Rc6
{[%clk 0:46:00]} 92. Ke4 {[%clk 0:12:58]} Rh4+ {[%clk 0:46:24]} 93. Kd3
{[%clk 0:12:45]} Ke6 {[%clk 0:46:41]} 94. Rd8 {[%clk 0:11:36]} Rh3+
{[%clk 0:47:01]} 95. Be3 {[%clk 0:10:35]} Ra6 {[%clk 0:47:20]} 96. Re8+
{[%clk 0:08:46]} Kd6 {[%clk 0:47:42]} 97. Ke2 {[%clk 0:07:36]} Ra2+
{[%clk 0:48:02]} 98. Kd3 {[%clk 0:08:01]} Ra3+ {[%clk 0:48:25]} 99. Ke2
{[%clk 0:08:27]} Rb3 {[%clk 0:48:34]} 100. Re4 {[%clk 0:08:46]} Kd5
{[%clk 0:48:58]} 101. Re8 {[%clk 0:09:04]} Rb4 {[%clk 0:48:52]} 102. Rd8+
{[%clk 0:09:05]} Ke4 {[%clk 0:49:07]} 103. Re8+ {[%clk 0:09:31]} Kf5
{[%clk 0:49:31]} 104. Rf8+ {[%clk 0:09:53]} Ke6 {[%clk 0:49:47]} 105. Re8+
{[%clk 0:10:15]} Kd7 {[%clk 0:50:13]} 106. Re5 {[%clk 0:10:39]} Ra4
{[%clk 0:50:37]} 107. Kd3 {[%clk 0:10:25]} Rhh4 {[%clk 0:50:50]} 108. Ke2
{[%clk 0:10:33]} Ra3 {[%clk 0:51:07]} 109. Kf3 {[%clk 0:10:50]} Ra6
{[%clk 0:51:24]} 110. Ke2 {[%clk 0:11:07]} Ra8 {[%clk 0:51:29]} 111. Kd3
{[%clk 0:11:13]} Re8 {[%clk 0:51:52]} 112. Rxe8 {[%clk 0:11:36]} Kxe8
{[%clk 0:52:19]} 113. Ke2 {[%clk 0:11:57]} Kf7 {[%clk 0:52:45]} 114. Kf3
{[%clk 0:12:21]} Rh3+ {[%clk 0:53:11]} 115. Kf2 {[%clk 0:12:42]} Rxe3
{[%clk 0:53:29]} 116. Kxe3 {[%clk 0:13:08]} 1/2-1/2

[Event "Aleksandria Cup"]
[Site "?"]
[Date "2015.07.14"]
[Round "3.8"]
[White "Ebralidze, Alexandre"]
[Black "Maghalashvili, Davit"]
[Result "0-1"]
[LiveChessVersion "1.3.1"]
[BlackElo "2515"]
[WhiteElo "2135"]

1. d4 {[%clk 1:30:53]} Nf6 {[%clk 1:30:55]} 2. c4 {[%clk 1:31:10]} c5
{[%clk 1:31:08]} 3. d5 {[%clk 1:31:34]} d6 {[%clk 1:31:32]} 4. Nc3
{[%clk 1:31:35]} g6 {[%clk 1:31:57]} 5. e4 {[%clk 1:31:15]} Bg7 {[%clk 1:32:23]}
6. Nf3 {[%clk 1:31:17]} O-O {[%clk 1:32:45]} 7. Be2 {[%clk 1:31:29]} Bg4
{[%clk 1:32:56]} 8. h3 {[%clk 1:31:24]} Bxf3 {[%clk 1:33:20]} 9. Bxf3
{[%clk 1:31:48]} Nbd7 {[%clk 1:31:36]} 10. Bf4 {[%clk 1:26:56]} a6
{[%clk 1:30:52]} 11. O-O {[%clk 1:24:43]} Ne5 {[%clk 1:27:10]} 12. Be2
{[%clk 1:18:26]} Nfd7 {[%clk 1:26:59]} 13. Be3 {[%clk 1:13:37]} Nb6
{[%clk 1:24:35]} 14. Qb3 {[%clk 1:12:58]} e6 {[%clk 1:23:54]} 15. f4
{[%clk 1:11:35]} Ned7 {[%clk 1:24:16]} 16. dxe6 {[%clk 0:58:34]} fxe6
{[%clk 1:24:42]} 17. Rad1 {[%clk 0:58:52]} Qc7 {[%clk 1:24:00]} 18. a4
{[%clk 0:57:42]} Rae8 {[%clk 1:21:56]} 19. a5 {[%clk 0:54:36]} Nc8
{[%clk 1:21:17]} 20. f5 {[%clk 0:46:54]} exf5 {[%clk 1:19:23]} 21. Nd5
{[%clk 0:47:11]} Qxa5 {[%clk 1:17:17]} 22. exf5 {[%clk 0:47:26]} gxf5
{[%clk 1:16:33]} 23. Bd3 {[%clk 0:39:04]} Nf6 {[%clk 1:12:25]} 24. Bxf5
{[%clk 0:30:12]} Nxd5 {[%clk 1:12:46]} 25. cxd5 {[%clk 0:28:26]} Qb5
{[%clk 1:10:45]} 26. Qc2 {[%clk 0:19:48]} Qxb2 {[%clk 1:05:17]} 27. Bxh7+
{[%clk 0:19:29]} Kh8 {[%clk 1:05:43]} 28. Qg6 {[%clk 0:19:18]} Qe5
{[%clk 1:04:09]} 29. Bg5 {[%clk 0:18:13]} Qe2 {[%clk 1:04:33]} 30. Bf6
{[%clk 0:04:34]} Rxf6 {[%clk 1:01:50]} 31. Rxf6 {[%clk 0:04:35]} Qxd1+
{[%clk 1:02:12]} 32. Kh2 {[%clk 0:03:56]} Qe2 {[%clk 1:02:12]} 33. Rf5
{[%clk 0:01:06]} Be5+ {[%clk 1:01:17]} 34. Kg1 {[%clk 0:01:20]} Qe1+
{[%clk 1:01:39]} 35. Rf1 {[%clk 0:01:30]} Bd4+ {[%clk 1:02:02]} 36. Kh2
{[%clk 0:01:44]} Qxf1 {[%clk 1:01:53]} 37. Qh6 {[%clk 0:00:40]} Be5+
{[%clk 1:01:43]} 38. g3 {[%clk 0:00:51]} Qf2+ {[%clk 1:02:04]} 39. Kh1
{[%clk 0:01:12]} Qf3+ {[%clk 1:02:19]} 0-1

[Event "Aleksandria Cup"]
[Site "?"]
[Date "2015.07.14"]
[Round "3.9"]
[White "Guseynov, Alihan"]
[Black "Benidze, Davit"]
[Result "1-0"]
[LiveChessVersion "1.3.1"]
[BlackElo "2465"]
[WhiteElo "2255"]

1. d4 Nf6 {[%clk 1:07:46]} 2. c4 {[%clk 1:31:06]} c5 {[%clk 1:07:22]} 3. Nf3
{[%clk 1:31:23]} e6 {[%clk 1:07:39]} 4. Nc3 {[%clk 1:30:38]} Be7 {[%clk 1:06:09]}
5. g3 {[%clk 1:28:37]} O-O {[%clk 1:05:21]} 6. Bg2 {[%clk 1:29:02]} cxd4
{[%clk 1:05:49]} 7. Nxd4 {[%clk 1:29:19]} Qc7 {[%clk 1:06:16]} 8. Ndb5
{[%clk 1:26:55]} Qd8 {[%clk 1:04:52]} 9. Bf4 {[%clk 1:25:38]} Ne8
{[%clk 1:03:08]} 10. Nxa7 {[%clk 1:22:55]} Rxa7 {[%clk 1:01:29]} 11. Bxb8
{[%clk 1:23:11]} Ra6 {[%clk 1:01:58]} 12. Bf4 {[%clk 1:22:47]} Qb6
{[%clk 0:59:45]} 13. Qc2 {[%clk 1:19:01]} Qc5 {[%clk 0:58:12]} 14. b3
{[%clk 1:13:31]} d5 {[%clk 0:56:26]} 15. cxd5 {[%clk 1:11:48]} exd5
{[%clk 0:56:51]} 16. Rc1 {[%clk 1:10:54]} Nf6 {[%clk 0:57:13]} 17. O-O
{[%clk 1:02:23]} d4 {[%clk 0:50:41]} 18. Nd5 {[%clk 0:55:54]} Nxd5
{[%clk 0:50:34]} 19. Qxc5 {[%clk 0:56:20]} Bxc5 {[%clk 0:51:01]} 20. Bxd5
{[%clk 0:56:36]} b6 {[%clk 0:51:27]} 21. a4 {[%clk 0:55:13]} Bg4 {[%clk 0:46:20]}
22. Bc4 {[%clk 0:50:46]} Ra7 {[%clk 0:46:45]} 23. Bd2 {[%clk 0:48:57]} Rd8
{[%clk 0:34:58]} 24. b4 {[%clk 0:45:17]} Bf8 {[%clk 0:35:23]} 25. a5
{[%clk 0:44:50]} bxa5 {[%clk 0:35:37]} 26. bxa5 {[%clk 0:45:16]} d3
{[%clk 0:32:35]} 27. exd3 {[%clk 0:38:48]} Be2 {[%clk 0:32:50]} 28. Rfe1
{[%clk 0:38:35]} Bxd3 {[%clk 0:33:15]} 29. Bg5 {[%clk 0:38:32]} Rdd7
{[%clk 0:32:02]} 30. Bxd3 {[%clk 0:38:51]} Rxd3 {[%clk 0:32:15]} 31. Re8
{[%clk 0:38:42]} 1-0

[Event "Aleksandria Cup"]
[Site "?"]
[Date "2015.07.14"]
[Round "3.10"]
[White "Rozhko, Dmitry"]
[Black "Poghosyan, Suren"]
[Result "0-1"]
[LiveChessVersion "1.3.1"]
[BlackElo "2273"]
[WhiteElo "2349"]

1. d4 {[%clk 1:30:58]} Nf6 {[%clk 1:30:24]} 2. Nf3 {[%clk 1:31:23]} c5
{[%clk 1:30:16]} 3. e3 {[%clk 1:31:01]} g6 {[%clk 1:29:30]} 4. c4
{[%clk 1:28:14]} Bg7 {[%clk 1:26:15]} 5. Nc3 {[%clk 1:28:40]} cxd4
{[%clk 1:26:08]} 6. Nxd4 {[%clk 1:27:00]} O-O {[%clk 1:23:06]} 7. Be2
{[%clk 1:27:25]} Nc6 {[%clk 1:23:03]} 8. O-O {[%clk 1:27:17]} d6 {[%clk 1:20:01]}
9. b3 {[%clk 1:25:36]} Nxd4 {[%clk 1:17:17]} 10. exd4 {[%clk 1:22:25]} d5
{[%clk 1:12:08]} 11. Bf3 {[%clk 1:17:36]} Be6 {[%clk 1:06:46]} 12. c5
{[%clk 1:14:35]} b6 {[%clk 1:01:20]} 13. Bb2 {[%clk 1:05:29]} bxc5
{[%clk 0:44:15]} 14. dxc5 {[%clk 1:05:48]} Qa5 {[%clk 0:43:24]} 15. Na4
{[%clk 0:51:38]} Bd7 {[%clk 0:36:32]} 16. Bc3 {[%clk 0:44:05]} Qc7
{[%clk 0:34:45]} 17. b4 {[%clk 0:43:56]} e5 {[%clk 0:34:50]} 18. Re1
{[%clk 0:34:31]} Rfe8 {[%clk 0:34:12]} 19. Bb2 {[%clk 0:29:48]} Rab8
{[%clk 0:28:01]} 20. a3 {[%clk 0:27:19]} d4 {[%clk 0:24:16]} 21. c6
{[%clk 0:25:59]} Bxc6 {[%clk 0:24:23]} 22. Rc1 {[%clk 0:19:37]} Bxf3
{[%clk 0:24:00]} 23. Qxf3 {[%clk 0:18:36]} Qd7 {[%clk 0:24:04]} 24. Nc5
{[%clk 0:18:22]} Qd5 {[%clk 0:24:18]} 25. Qd1 {[%clk 0:14:08]} Rbd8
{[%clk 0:17:48]} 26. Qa4 {[%clk 0:13:17]} d3 {[%clk 0:15:57]} 27. Rcd1
{[%clk 0:12:21]} Qa2 {[%clk 0:05:06]} 28. Qb3 {[%clk 0:07:39]} Qxb3
{[%clk 0:05:22]} 29. Nxb3 {[%clk 0:08:05]} e4 {[%clk 0:02:10]} 30. Nd2
{[%clk 0:06:47]} Nd5 {[%clk 0:01:39]} 31. Bxg7 {[%clk 0:05:45]} Kxg7
{[%clk 0:02:08]} 32. Nxe4 {[%clk 0:04:26]} f5 {[%clk 0:01:35]} 33. Ng5
{[%clk 0:03:32]} Nc3 {[%clk 0:01:47]} 0-1

[Event "Aleksandria Cup"]
[Site "?"]
[Date "2015.07.14"]
[Round "3.11"]
[White "Hakobyan, Hovhannes H."]
[Black "Kuzubov, Yuriy"]
[Result "0-1"]
[LiveChessVersion "1.3.1"]
[BlackElo "2653"]
[WhiteElo "2095"]

1. e4 {[%clk 1:30:57]} e6 {[%clk 1:30:44]} 2. Nc3 {[%clk 1:30:56]} d5
{[%clk 1:30:37]} 3. Nf3 {[%clk 1:30:56]} d4 {[%clk 1:28:17]} 4. Ne2
{[%clk 1:31:17]} c5 {[%clk 1:28:03]} 5. c3 {[%clk 1:27:51]} Nf6 {[%clk 1:19:41]}
6. e5 {[%clk 1:19:31]} Nfd7 {[%clk 1:18:13]} 7. d3 {[%clk 1:19:33]} Nc6
{[%clk 1:17:57]} 8. Bf4 {[%clk 1:11:37]} Be7 {[%clk 1:17:55]} 9. h4
{[%clk 1:10:32]} Qc7 {[%clk 1:15:26]} 10. g3 {[%clk 1:05:40]} Ndxe5
{[%clk 1:14:06]} 11. Nxe5 {[%clk 1:03:13]} Nxe5 {[%clk 1:14:31]} 12. Bg2
{[%clk 1:03:35]} Bd6 {[%clk 1:14:09]} 13. O-O {[%clk 1:01:40]} Nc6
{[%clk 1:13:26]} 14. cxd4 {[%clk 0:56:06]} cxd4 {[%clk 1:12:06]} 15. Bxd6
{[%clk 0:43:12]} Qxd6 {[%clk 1:12:31]} 16. Qa4 {[%clk 0:43:37]} Bd7
{[%clk 1:11:47]} 17. Bxc6 {[%clk 0:42:50]} Bxc6 {[%clk 1:12:10]} 18. Qxd4
{[%clk 0:43:16]} O-O-O {[%clk 1:11:18]} 19. Qxd6 {[%clk 0:31:35]} Rxd6
{[%clk 1:11:42]} 20. Rfd1 {[%clk 0:31:37]} Rhd8 {[%clk 1:11:27]} 21. d4
{[%clk 0:31:28]} Bf3 {[%clk 1:10:48]} 22. Rac1+ {[%clk 0:27:56]} Kb8
{[%clk 1:10:43]} 23. Kf1 {[%clk 0:28:15]} Bxe2+ {[%clk 1:10:58]} 24. Kxe2
{[%clk 0:28:43]} Rxd4 {[%clk 1:11:22]} 25. Rxd4 {[%clk 0:28:47]} Rxd4
{[%clk 1:11:49]} 26. Ke3 {[%clk 0:27:41]} Rd6 {[%clk 1:12:10]} 27. Rc4
{[%clk 0:26:44]} Rc6 {[%clk 1:03:56]} 28. Rg4 {[%clk 0:24:10]} g6
{[%clk 1:04:21]} 29. h5 {[%clk 0:23:20]} Rc2 {[%clk 1:03:05]} 30. hxg6
{[%clk 0:22:54]} hxg6 {[%clk 1:03:27]} 31. Rb4 {[%clk 0:23:21]} Kc7
{[%clk 1:03:43]} 32. g4 {[%clk 0:22:41]} Kc6 {[%clk 1:02:46]} 33. g5
{[%clk 0:20:31]} Rc5 {[%clk 1:02:44]} 34. f4 {[%clk 0:20:12]} e5 {[%clk 1:02:31]}
35. a3 {[%clk 0:18:39]} a5 {[%clk 1:02:07]} 36. Re4 {[%clk 0:18:07]} Kd6
{[%clk 1:01:32]} 37. Ra4 {[%clk 0:17:32]} Rb5 {[%clk 1:01:17]} 38. b4
{[%clk 0:17:05]} axb4 {[%clk 1:01:42]} 39. axb4 {[%clk 0:16:50]} exf4+
{[%clk 1:01:22]} 40. Kxf4 {[%clk 0:47:18]} b6 {[%clk 1:31:39]} 41. Kg4
{[%clk 0:44:15]} Ke5 {[%clk 1:32:01]} 0-1